C: The Complete Reference (Record no. 7848)

MARC details
000 -LEADER
fixed length control field 00310nam a2200133Ia 4500
008 - FIXED-LENGTH DATA ELEMENTS--GENERAL INFORMATION
fixed length control field 191201s2013 xx 000 0 und d
082 ## - DEWEY DECIMAL CLASSIFICATION NUMBER
Classification number 005.133
Item number SCC
100 ## - MAIN ENTRY--PERSONAL NAME
Personal name SCHILDT,Herbert
245 #0 - TITLE STATEMENT
Title C: The Complete Reference
250 ## - EDITION STATEMENT
Edition statement rep
260 ## - PUBLICATION, DISTRIBUTION, ETC. (IMPRINT)
Date of publication, distribution, etc 2013
Name of publisher, distributor, etc TMH
Place of publication, distribution, etc NEW DELHI
300 ## - PHYSICAL DESCRIPTION
Extent 805
942 ## - ADDED ENTRY ELEMENTS (KOHA)
Source of classification or shelving scheme Dewey Decimal Classification
Koha item type Text Books
Holdings
Withdrawn status Lost status Source of classification or shelving scheme Damaged status Not for loan Collection code Home library Current library Date acquired Source of acquisition Cost, normal purchase price Bill Number Total Checkouts Full call number Acc. no. / Barcode Date last seen Date last borrowed Actual Cost, discounted price Bill Date Koha item type
    Dewey Decimal Classification     BCA PIET C-LIBRARY PIET C-LIBRARY 31/08/2013 IBH, New Delhi 515.00 9603 3 005.133 SSC BC478 20/09/2024 09/09/2024 355.97 31/08/2013 Text Books
    Dewey Decimal Classification     BCA PIET C-LIBRARY PIET C-LIBRARY 31/08/2013 IBH, New Delhi 515.00 9603 1 005.133 SSC BC479 20/06/2022 03/06/2022 355.97 31/08/2013 Text Books

Design & Developed by: PIET Central Library
R70 Miles Stone Pattikalyana Samalkha Panipat 132102
mail ID :- [email protected], Phone No:- 0180-2569700 Ex.216